000 00487nam a22001937a 4500
003 MPLRDC
005 20220104155234.0
008 210129b ||||| |||| 00| 0 eng d
020 _a986-7537-87-4
082 _a862.57 JRX v.3
100 _a今荣眩、柳敏珠
245 _a大长今. 下
_c王俊 译
250 _a初版
260 _a台湾
_b麦田出版
_c2004
300 _b284
490 _a电视小说. 06
650 _a韩国现代小说
942 _cBK
_o862.57 JRX v.3
999 _c54397
_d54387